<?xml version="1.0" encoding="UTF-8"?>
<record
    xmlns:xsi="http://www.w3.org/2001/XMLSchema-instance"
    xsi:schemaLocation="http://www.loc.gov/MARC21/slim http://www.loc.gov/standards/marcxml/schema/MARC21slim.xsd"
    xmlns="http://www.loc.gov/MARC21/slim">

  <leader>01230nam a22002777a 4500</leader>
  <controlfield tag="001">9233</controlfield>
  <controlfield tag="003">FISKH</controlfield>
  <controlfield tag="005">20251204092040.0</controlfield>
  <controlfield tag="008">251204b        cb ||||| |||| 00| 0 eng d</controlfield>
  <datafield tag="040" ind1=" " ind2=" ">
    <subfield code="a">FISKH</subfield>
    <subfield code="b">khr</subfield>
    <subfield code="c">FISKH</subfield>
    <subfield code="d">FISKH</subfield>
  </datafield>
  <datafield tag="050" ind1=" " ind2=" ">
    <subfield code="a">PZ7</subfield>
  </datafield>
  <datafield tag="082" ind1=" " ind2=" ">
    <subfield code="a">398.2</subfield>
  </datafield>
  <datafield tag="100" ind1=" " ind2=" ">
    <subfield code="a">Chantha Rith , Nav</subfield>
  </datafield>
  <datafield tag="245" ind1=" " ind2=" ">
    <subfield code="a">&#x1785;&#x1785;&#x1780;&#x1796;&#x17B6;&#x1780;&#x17CB;&#x179F;&#x17D2;&#x179A;&#x17C4;&#x1798;&#x1798;&#x17BB;&#x1781; /</subfield>
    <subfield code="c">&#x1793;&#x17B7;&#x1796;&#x1793;&#x17D2;&#x1792;&#x178A;&#x17C4;&#x1799; &#x179B;&#x17C4;&#x1780; &#x178E;&#x17B6;&#x179C; &#x1785;&#x17B6;&#x1793;&#x17CB;&#x1790;&#x17B6;&#x179A;&#x17B7;&#x1791;&#x17D2;&#x1792;&#x17B7; ,&#x200B; &#x179C;&#x17B7;&#x1785;&#x17B7;&#x178F;&#x17D2;&#x179A;&#x1780;&#x179A;&#x1782;&#x17C6;&#x1793;&#x17BC;&#x179A; &#x178A;&#x17C4;&#x1799; &#x17A2;&#x17D2;&#x1793;&#x1780;&#x179F;&#x17D2;&#x179A;&#x17B8; &#x1785;&#x17B6;&#x1793;&#x17CB; &#x1796;&#x17B7;&#x179F;&#x17B8; </subfield>
  </datafield>
  <datafield tag="260" ind1=" " ind2=" ">
    <subfield code="a">&#x1797;&#x17D2;&#x1793;&#x17C6;&#x1796;&#x17C1;&#x1789; :</subfield>
    <subfield code="b">&#x17A2;&#x1784;&#x17D2;&#x1782;&#x1780;&#x17B6;&#x179A;&#x1791;&#x179F;&#x17D2;&#x179F;&#x1793;&#x17C7;&#x1796;&#x17B7;&#x1797;&#x1796;&#x179B;&#x17C4;&#x1780;&#x1780;&#x1798;&#x17D2;&#x1796;&#x17BB;&#x1787;&#x17B6; ,&#x200B; </subfield>
  </datafield>
  <datafield tag="300" ind1=" " ind2=" ">
    <subfield code="a">15 pages : </subfield>
    <subfield code="b">color illustrations ; </subfield>
    <subfield code="c">25 cm . </subfield>
  </datafield>
  <datafield tag="505" ind1=" " ind2=" ">
    <subfield code="a">L 
</subfield>
  </datafield>
  <datafield tag="520" ind1=" " ind2=" ">
    <subfield code="a">&#x179F;&#x17C0;&#x179C;&#x1797;&#x17C5;&#x1793;&#x17C1;&#x17C7;&#x1793;&#x17B7;&#x1799;&#x17B6;&#x1799;&#x17A2;&#x17C6;&#x1796;&#x17B8;&#x1791;&#x17C1;&#x179F;&#x1785;&#x179A;&#x178E;&#x17CF;&#x1795;&#x17D2;&#x179B;&#x17BC;&#x179C;&#x1797;&#x17C1;&#x1791;&#x179B;&#x17BE;&#x1780;&#x17BB;&#x1798;&#x17B6;&#x179A;&#x17D4;</subfield>
  </datafield>
  <datafield tag="520" ind1=" " ind2=" ">
    <subfield code="a">This book talks about child sex tourism.</subfield>
  </datafield>
  <datafield tag="521" ind1="8" ind2=" ">
    <subfield code="a">530 
</subfield>
    <subfield code="b">Lexile estimate 
</subfield>
  </datafield>
  <datafield tag="521" ind1="8" ind2=" ">
    <subfield code="a">L 
</subfield>
    <subfield code="b">Raz-Plus 
</subfield>
  </datafield>
  <datafield tag="650" ind1=" " ind2=" ">
    <subfield code="a">&#x1785;&#x1785;&#x1780;&#x1796;&#x17B6;&#x1780;&#x17CB;&#x179F;&#x17D2;&#x179A;&#x17C4;&#x1798;&#x1798;&#x17BB;&#x1781;</subfield>
    <subfield code="v">&#x179A;&#x17BF;&#x1784;&#x1793;&#x17B7;&#x1791;&#x17B6;&#x1793;&#x17A2;&#x1794;&#x17CB;&#x179A;&#x17C6; </subfield>
  </datafield>
  <datafield tag="700" ind1=" " ind2=" ">
    <subfield code="a">Pisey , Chan </subfield>
    <subfield code="e">Illustratior</subfield>
  </datafield>
  <datafield tag="942" ind1=" " ind2=" ">
    <subfield code="2">ddc</subfield>
    <subfield code="c">KHB</subfield>
    <subfield code="n">0</subfield>
  </datafield>
  <datafield tag="999" ind1=" " ind2=" ">
    <subfield code="c">9233</subfield>
    <subfield code="d">9233</subfield>
  </datafield>
  <datafield tag="952" ind1=" " ind2=" ">
    <subfield code="0">0</subfield>
    <subfield code="1">0</subfield>
    <subfield code="2">ddc</subfield>
    <subfield code="4">0</subfield>
    <subfield code="7">0</subfield>
    <subfield code="8">KH</subfield>
    <subfield code="a">002</subfield>
    <subfield code="b">002</subfield>
    <subfield code="c">TTP Khmer</subfield>
    <subfield code="d">2025-12-04</subfield>
    <subfield code="l">0</subfield>
    <subfield code="o">CHA PZ7 398.2</subfield>
    <subfield code="p">2025-5016</subfield>
    <subfield code="r">2025-12-04 09:20:36</subfield>
    <subfield code="w">2025-12-04</subfield>
    <subfield code="y">KHB</subfield>
  </datafield>
</record>
